|
|
|
|
| LEADER |
00000nab a2200000 a 4500 |
| 001 |
vtls009180129 |
| 003 |
SK-MaSNL |
| 005 |
20260426102837.0 |
| 008 |
250506c2007 xo |||||||||||000 b|slo |
| 015 |
|
|
|a SNBRB2008/02
|2 snkbucl
|
| 035 |
|
|
|a (uuid)49c8f3b1-3606-4e3d-afbb-d2d1661a03f7
|
| 035 |
|
|
|a urn:nbn:sk:snk-ab2xlz
|
| 035 |
|
|
|a (urnnbn)urn:nbn:sk:snk:ar-a032pg
|
| 038 |
|
|
|a SNKBUCL
|
| 040 |
|
|
|a SNKBUCL
|b slo
|c SNKBUCL
|e AACR2
|
| 041 |
0 |
|
|a slo
|
| 044 |
|
|
|a xo
|c SK
|
| 080 |
|
|
|a 364.692:615.015.6
|x (437.6)
|2 2001
|
| 080 |
|
|
|a 364.692-212
|2 2001
|
| 080 |
|
|
|a 613.81/.84
|2 2001
|
| 100 |
1 |
|
|a Varmuža, Ján
|4 aut
|9 11454
|
| 245 |
1 |
0 |
|a preŽIŤ bez drog
|c Ján Varmuža
|
| 300 |
|
|
|b Obr.
|
| 650 |
0 |
7 |
|a drogová závislosť
|2 SNKPH
|9 1551
|
| 650 |
0 |
7 |
|a drogová prevencia
|2 SNKPH
|9 1549
|
| 651 |
|
7 |
|a Slovensko
|2 snkbucl
|9 14231
|
| 773 |
0 |
|
|t Quark
|g Roč. XIII, č. 11 (2007), s. 48
|x 1335-4000
|
| 850 |
|
|
|a Slovenská národná knižnica
|
| 852 |
|
|
|a Slovenská národná knižnica
|
| 954 |
|
|
|a odborná, vedecká literatúra pôvodná (slovenská)
|2 lita
|
| 958 |
|
|
|a article2022
|
| 958 |
|
|
|a SK
|
| 958 |
|
|
|a OND
|
| 958 |
|
|
|a EUIPO
|
| 999 |
|
|
|c 3268364
|d 3270294
|